| 000 | 00639nam a2200217 a 4500 | ||
|---|---|---|---|
| 001 | 19839 | ||
| 003 | CO-ViMGA | ||
| 008 | 141112s2004 ck r 000 u spa d | ||
| 020 | _a8475099041 | ||
| 040 |
_aCO-ViMGA _bspa _cCO-ViMGA |
||
| 082 | 0 | 4 | _a155.3 G173a |
| 100 | 1 |
_aGardner, Howard _928764 |
|
| 245 | 1 | 0 |
_aArte, mente y cerebro : _buna aproximación cognitiva a la creatividad |
| 260 |
_aBuenos Aires : _bPaidos, _c1999 |
||
| 300 | _a397 p. | ||
| 490 | _aPaidós básica, 39 | ||
| 590 | _aForma de adquisición : PremioMincultura | ||
| 650 | 1 | 4 |
_aAPTITUD CREADORA _92033 |
| 650 | 1 | 4 |
_aPENSAMIENTO CREATIVO _926668 |
| 942 |
_2ddc _cBK |
||
| 999 |
_c28966 _d28966 |
||